[Event "British Chess Championships 2023: U10 Championship"]
[Site "De Montfort University, 20 Western Boulevard, Leicester, LE2 7BU"]
[Date "2023.07.26"]
[Round "3"]
[Board "22"]
[White "Patel, Parisa"]
[Black "Hu, Hector"]
[Result "0-1"]
[WhiteElo "873"]
[BlackElo "1016"]
[PlyCount "0"]
[EventDate "2023.07.25"]
[EventRounds "7"]
[EventCountry "ENG"]

1. e4 c6 2. d4 d5 3. f3 Nd7 4. Nc3 Nb6 5. Bf4 e6 6. Bd3 c5 7. Nge2 c4 8. exd5 cxd3
9. cxd3 Nxd5 10. Bg3 Nxc3 11. Nxc3 Qxd4 12. Bf2 Qb4 13. Rb1 Nf6 14. a3 Qa5 15. O-O
Bd6 16. Be1 Qe5 17. Bd2 Qxh2+ 18. Kf2 Qg3+ 19. Kg1 Bc5+ 20. Kh1 Qh4#  0-1

[Event "British Chess Championships 2023: U10 Championship"]
[Site "De Montfort University, 20 Western Boulevard, Leicester, LE2 7BU"]
[Date "2023.07.26"]
[Round "3"]
[Board "23"]
[White "Calvert, William"]
[Black "Saxena, Reyansh"]
[Result "0-1"]
[WhiteElo "806"]
[BlackElo "1001"]
[PlyCount "0"]
[EventDate "2023.07.25"]
[EventRounds "7"]
[EventCountry "ENG"]

1. e4 e5 2. Nf3 Nc6 3. Bc4 Nf6 4. Nc3 Bc5 5. O-O O-O 6. d3 h6 7. h3 d6 8. Nd5 Nxd5
9. Bxd5 Be6 10. Bxe6 fxe6 11. Nh4 Qxh4 12. g3 Bxf2+ 13. Rxf2 Qxg3+ 14. Kh1 Rxf2 15.
Qg1 Qxh3+ 16. Qh2 Qxh2#  0-1

[Event "British Chess Championships 2023: U10 Championship"]
[Site "De Montfort University, 20 Western Boulevard, Leicester, LE2 7BU"]
[Date "2023.07.27"]
[Round "4"]
[Board "1"]
[White "Zhao, George"]
[Black "Sasikumar, Srivathsan"]
[Result "1-0"]
[WhiteElo "1907"]
[BlackElo "1792"]
[PlyCount "0"]
[EventDate "2023.07.25"]
[EventRounds "7"]
[EventCountry "ENG"]

1. d4 Nf6 2. Nf3 d5 3. g3 Bf5 4. Bg2 e6 5. O-O Bd6 6. Nbd2 O-O 7. Nh4 Bg6 8. Nxg6
hxg6 9. e4 dxe4 10. Nxe4 Nxe4 11. Bxe4 c6 12. c4 Nd7 13. a3 a5 14. Be3 Nf6 15. Bf3
Re8 16. Qc2 e5 17. Rfd1 Qe7 18. dxe5 Bxe5 19. Re1 Qc7 20. Rad1 Rad8 21. b4 axb4 22.
axb4 b6 23. Qa4 Bc3 24. Rxd8 Rxd8 25. Bf4 Qc8 26. Re7 c5 27. Rc7 Qe6 28. bxc5 bxc5
29. Qa2 Rb8 30. Kg2 Bd4 31. Rc6 Qe8 32. Bxb8 Qxb8 33. Ra6 Qb4 34. Ra4 Qc3 35. Ra3
Qe1 36. Qe2 Qb4 37. Ra8+ Kh7 38. Rf8 Nd7 39. Rd8 Nf6 40. Rf8 Nd7 41. Rxf7 Ne5 42.
Rf4 Qc3 43. Bd5  1-0

[Event "British Chess Championships 2023: U10 Championship"]
[Site "De Montfort University, 20 Western Boulevard, Leicester, LE2 7BU"]
[Date "2023.07.27"]
[Round "4"]
[Board "2"]
[White "Mittal, Advik"]
[Black "Kryshtafor, Maksym"]
[Result "0-1"]
[WhiteElo "1544"]
[BlackElo "1858"]
[PlyCount "0"]
[EventDate "2023.07.25"]
[EventRounds "7"]
[EventCountry "ENG"]

1. d4 d5 2. Bf4 Nf6 3. Nf3 e6 4. e3 Bd6 5. Bg3 O-O 6. Bd3 Ne4 7. Nbd2 f5 8. Ne5 Nd7
9. f4 Nxe5 10. fxe5 Be7 11. O-O Nxg3 12. hxg3 c5 13. c3 c4 14. Bc2 b5 15. g4 Bg5
16. Re1 Bh4 17. Rf1 Qg5 18. Qf3 Qh6 19. gxf5 exf5 20. Qxd5+ Be6 21. Qf3 g5 22. g3
g4 23. Qf2 Bg5 24. Rae1 Bd5 25. Qh2 Bxe3+ 26. Rxe3 Qxe3+ 27. Qf2 Qxf2+ 28. Rxf2 Rf7
29. Rxf5 Rxf5 30. Bxf5 h5 31. Ne4 Kg7 32. Nf6 Bf3 33. Nxh5+ Kh6 34. Nf6 Kg5 35. Be4
Bxe4 36. Nxe4+ Kf5 37. Nd6+ Ke6 38. Nxb5 Rb8 39. Nxa7 Rxb2 40. Nc8 Rc2 41. Nd6 Rxc3
42. Kf2 Rf3+ 43. Ke2 c3 44. Ne4 Kd5 45. Nf6+ Kxd4 46. Nxg4 Rxg3 47. Nf2 Kxe5 48.
Kd1 c2+ 49. Kc1 Rg1+ 50. Kxc2 Rg2 51. a4 Rxf2+ 52. Kb3 Kd5 53. Kb4 Rf7 54. Kb5 Rb7+
55. Ka6 Kc6 56. a5 Rb5 57. Ka7 Rxa5+ 58. Kb8 Ra1 59. Kc8 Ra8#  0-1

[Event "British Chess Championships 2023: U10 Championship"]
[Site "De Montfort University, 20 Western Boulevard, Leicester, LE2 7BU"]
[Date "2023.07.27"]
[Round "4"]
[Board "3"]
[White "Pitel, Benedikt"]
[Black "Railwani, Tavish"]
[Result "1/2-1/2"]
[WhiteElo "1817"]
[BlackElo "1636"]
[PlyCount "0"]
[EventDate "2023.07.25"]
[EventRounds "7"]
[EventCountry "ENG"]

1. e4 e6 2. d4 d5 3. e5 c5 4. c3 Nc6 5. Nf3 Qb6 6. Bd3 cxd4 7. cxd4 Bd7 8. Be2 Nh6
9. Nc3 Nf5 10. Na4 Qa5+ 11. Nc3 Bb4 12. Qd3 Nce7 13. Bd2 a6 14. O-O Qb6 15. a3 Bxc3
16. Bxc3 Bb5 17. Qd2 Bxe2 18. Qxe2 Nc6 19. Qd2 a5 20. Rfc1 a4 21. Rab1 O-O 22. Qd1
Na5 23. Bxa5 Qxa5 24. b3 axb3 25. Rxb3 Rab8 26. Rcb1 Rfc8 27. Qe2 Rc7 28. Qb5 Qxb5
29. Rxb5 Rbc8 30. g3 Rc1+ 31. Kg2 Rxb1 32. Rxb1 Rc7 33. h3 h6 34. Rb4 Ne7 35. a4
Nc6 36. Rb5 Na7 37. Ra5 b6 38. Ra6 Rb7 39. a5 bxa5 40. Rxa5 Nc6 41. Rc5 Nb4 42. g4
Nd3 43. Rc2 g5 44. Kg3 Rb3 45. Re2 Nf4 46. Rc2 Ng6 47. Re2 Nf4 48. Re3 Rb1 49. h4
Ng6 50. hxg5 hxg5 51. Nxg5 Rg1+ 52. Kh3 Nf4+ 53. Kh2 Rxg4 54. Rg3 Rh4+ 55. Nh3+ Kf8
56. Ra3 Nxh3 57. Rxh3 Rxd4 58. Re3 Rg4 59. Kh3 Rg5 60. f4 Rg1 61. Kh4 Kg7 62. Kh5
Rg6 63. Re2 f6 64. exf6+ Rxf6 65. Kg4 Kf7 66. Re5 Rg6+ 67. Kf3 Kf6 68. Ke3 Rg3+ 69.
Kf2 Ra3 70. Ke2 Rc3 71. Kf2 Rc1 72. Ke2 Rc4 73. Kf3 d4 74. Ke4 d3+ 75. Kxd3 Rxf4
76. Ra5 e5 77. Ke3 Kf5 78. Ra8 Rb4 79. Ra5 Rb3+ 80. Ke2 Kf4 81. Kf2 Rb2+ 82. Ke1
e4 83. Ra3 e3 84. Ra8 Rb5 85. Rf8+ Ke4 86. Re8+ Kd4 87. Rd8+ Kc4 88. Rc8+ Kd5 89.
Rd8+ Ke4 90. Re8+ Re5 91. Rxe5+ Kxe5 92. Ke2 Kd4 93. Ke1 Ke4 94. Ke2 Kf4 95. Ke1
Kf3 96. Kf1 Kg3 97. Ke2 Kf4 98. Ke1 Ke5 99. Ke2 Kd4 100. Ke1 Kd3 101. Kd1 e2+ 102.
Ke1 Kc4 103. Kxe2  1/2-1/2

[Event "British Chess Championships 2023: U10 Championship"]
[Site "De Montfort University, 20 Western Boulevard, Leicester, LE2 7BU"]
[Date "2023.07.27"]
[Round "4"]
[Board "4"]
[White "Veselow, Zoe"]
[Black "Anjulan, Ashwin"]
[Result "1-0"]
[WhiteElo "1720"]
[BlackElo "1466"]
[PlyCount "0"]
[EventDate "2023.07.25"]
[EventRounds "7"]
[EventCountry "ENG"]

1. e4 e6 2. d4 d5 3. Nd2 Nc6 4. Ngf3 Nge7 5. c3 Ng6 6. h4 h5 7. e5 Be7 8. g3 Bd7
9. Bd3 O-O 10. Qc2 Be8 11. Nb3 a5 12. a4 Nb8 13. Ng5 Qd7 14. Qe2 Bxg5 15. hxg5 f6
16. Qxh5 fxg5 17. Qh7+ Kf7 18. Nc5 Qc8 19. Rh6  1-0

[Event "British Chess Championships 2023: U10 Championship"]
[Site "De Montfort University, 20 Western Boulevard, Leicester, LE2 7BU"]
[Date "2023.07.27"]
[Round "4"]
[Board "5"]
[White "Keshari, Krish"]
[Black "Shivakumar, Akshath"]
[Result "1/2-1/2"]
[WhiteElo "1623"]
[BlackElo "1664"]
[PlyCount "0"]
[EventDate "2023.07.25"]
[EventRounds "7"]
[EventCountry "ENG"]

1. e4 e6 2. d4 d5 3. exd5 exd5 4. Bd3 Nf6 5. Nf3 Bd6 6. O-O O-O 7. Bg5 Bg4 8. Nbd2
Nc6 9. c3 h6 10. Bh4 Bf4 11. Qc2 Qd6 12. Bg3 Nh5 13. Bf5 Nf6 14. Bxf4 Qxf4 15. Bxg4
Qxg4 16. Rfe1 Rfe8 17. Rxe8+ Rxe8 18. Re1 Rxe1+ 19. Nxe1 Qe2 20. Ndf3  1/2-1/2

[Event "British Chess Championships 2023: U10 Championship"]
[Site "De Montfort University, 20 Western Boulevard, Leicester, LE2 7BU"]
[Date "2023.07.27"]
[Round "4"]
[Board "6"]
[White "Helsby, Matthew"]
[Black "Zhang, Junyi"]
[Result "0-1"]
[WhiteElo "1316"]
[BlackElo "1686"]
[PlyCount "0"]
[EventDate "2023.07.25"]
[EventRounds "7"]
[EventCountry "ENG"]

1. c4 b6 2. Nf3 Bb7 3. d4 e6 4. Nc3 Bb4 5. Qc2 Nf6 6. Bg5 d6 7. a3 Bxc3+ 8. Qxc3
Nbd7 9. Rc1 h6 10. Bxf6 Nxf6 11. g3 c5 12. Bg2 O-O 13. O-O Qe7 14. Rfd1 Rac8 15.
Nd2 Bxg2 16. Kxg2 Rc6 17. Nf3 Rfc8 18. e3 Qb7 19. Kg1 R6c7 20. Nd2 b5 21. b3 bxc4
22. bxc4 d5 23. h3 dxc4 24. Nxc4 cxd4 25. Qxd4 Qa6 26. Qd6 Qxd6 27. Rxd6 Rxc4 28.
Rcd1 Rc1 29. Rd8+ Kh7 30. Kg2 Rxd8 31. Rxd8 Rc3 32. Rf8 Kg6 33. a4 Ra3 34. Ra8 Rxa4
35. Kf3 a5 36. g4 Ra2 37. Ra6 a4 38. h4 a3 39. h5+ Kh7 40. Ra7 Nd5 41. Rxf7 Rb2 42.
Ra7 a2 43. Ra3 Nc3 44. Ra7 Rb7 45. Ra3 Rb1  0-1

[Event "British Chess Championships 2023: U10 Championship"]
[Site "De Montfort University, 20 Western Boulevard, Leicester, LE2 7BU"]
[Date "2023.07.27"]
[Round "4"]
[Board "7"]
[White "Kairat, Alexander"]
[Black "Nguyen, Lam Vy Le"]
[Result "1-0"]
[WhiteElo "1619"]
[BlackElo "1244"]
[PlyCount "0"]
[EventDate "2023.07.25"]
[EventRounds "7"]
[EventCountry "ENG"]

1. e4 e5 2. Nc3 Nf6 3. Nf3 Nc6 4. d3 h6 5. h3 Bc5 6. Be2 d6 7. Be3 Bb6 8. d4 exd4
9. Nxd4 Ne7 10. Qd2 Bd7 11. f3 Ng6 12. O-O-O Qe7 13. Rhe1 Bxd4 14. Bxd4 O-O-O 15.
Bxa7 b6 16. Ba6#  1-0

[Event "British Chess Championships 2023: U10 Championship"]
[Site "De Montfort University, 20 Western Boulevard, Leicester, LE2 7BU"]
[Date "2023.07.27"]
[Round "4"]
[Board "8"]
[White "Hill, Callum"]
[Black "Katukuri, Aarav"]
[Result "1/2-1/2"]
[WhiteElo "1150"]
[BlackElo "1485"]
[PlyCount "0"]
[EventDate "2023.07.25"]
[EventRounds "7"]
[EventCountry "ENG"]

1. e4 c5 2. Nf3 g6 3. Nc3 Bg7 4. Bc4 Nc6 5. d3 d6 6. Be3 Nf6 7. h3 a6 8. a4 Bd7 9.
O-O O-O 10. Qd2 Re8 11. Bh6 Qc7 12. Nh4 Ne5 13. Ba2 e6 14. Bxg7 Kxg7 15. f4 Nc6 16.
f5 Ne5 17. fxg6 hxg6 18. Qf4 Qd8 19. Nf3 Nxf3+ 20. Qxf3 Bc6 21. Rf2 Rf8 22. Raf1
Nd7 23. Qe3 Qe7 24. d4 cxd4 25. Qxd4+ Ne5 26. Nd1 Kg8 27. Ne3 Rad8 28. Ng4 Nxg4 29.
hxg4 d5 30. e5 Qg5 31. Rf6 Kg7 32. Qf2 Rd7 33. Rxe6 Qxg4 34. Rf6 Re7 35. e6 Rxe6
36. Rxf7+ Rxf7 37. Qxf7+ Kh6 38. Qf8+ Kg5 39. Qd8+ Kh5 40. Qh8+ Kg5 41. Qd8+ Kh5
42. Qh8+ Kg5  1/2-1/2

[Event "British Chess Championships 2023: U10 Championship"]
[Site "De Montfort University, 20 Western Boulevard, Leicester, LE2 7BU"]
[Date "2023.07.27"]
[Round "4"]
[Board "9"]
[White "Zhang, Lionel"]
[Black "Bednaya, Julia"]
[Result "1-0"]
[WhiteElo "1475"]
[BlackElo "1008"]
[PlyCount "0"]
[EventDate "2023.07.25"]
[EventRounds "7"]
[EventCountry "ENG"]

1. e4 e5 2. Nf3 Nc6 3. Bc4 Bc5 4. O-O Nf6 5. Re1 O-O 6. c3 Nxe4 7. Bxf7+ Rxf7 8.
Rxe4 d6 9. h3 Bf5 10. Re1 Qf6 11. d3 h6 12. a4 a6 13. Be3 Qg6 14. Nh4 Qf6 15. Nxf5
Qxf5 16. Bxc5 dxc5 17. Qe2 Rf6 18. Nd2 Rg6 19. Qe4 Rf8 20. Qxf5 Rxf5 21. Ne4 Rh5
22. Kf1 Rf5 23. Nxc5 Rgf6 24. f3 g5 25. Re2 h5 26. Ne4 Rf7 27. Ng3 Rf4 28. Nxh5 Rh4
29. Ng3 g4 30. hxg4 Rxg4 31. Ne4 Rh4 32. Kf2 Rh2 33. Ree1 Rg7 34. Nf6+ Kf8 35. Ng4
Rh5 36. Rh1 Rxh1 37. Rxh1 Rf7 38. Rh5 Rf4 39. Nxe5 Nxe5 40. Rxe5 Rxa4 41. Re4 Ra2
42. Rb4 b5 43. c4 c5 44. Rb3 b4 45. d4 Ke7 46. dxc5 Kd7 47. Ke3 a5 48. g4 Ra1 49.
f4 Re1+ 50. Kd4 Rd1+ 51. Rd3 Rg1 52. g5 Rg4 53. Ke5+ Kc6 54. Kf5 Rg2 55. b3 Kxc5
56. g6 Rg1 57. Kf6 Rg4 58. f5 Rg2 59. g7 Rxg7 60. Kxg7 a4 61. Rd5+ Kc6 62. bxa4 b3
63. f6 b2 64. Rb5 Kd6 65. f7 Kc6 66. f8=Q Kc7 67. Qc5+ Kd7 68. Rb7+ Ke6 69. Re7#
 1-0

[Event "British Chess Championships 2023: U10 Championship"]
[Site "De Montfort University, 20 Western Boulevard, Leicester, LE2 7BU"]
[Date "2023.07.27"]
[Round "4"]
[Board "10"]
[White "Shankar, Yashwardhan"]
[Black "Saharkar, Sharvari"]
[Result "1-0"]
[WhiteElo "817"]
[BlackElo "1420"]
[PlyCount "0"]
[EventDate "2023.07.25"]
[EventRounds "7"]
[EventCountry "ENG"]

1. d4 Nf6 2. Bf4 d5 3. e3 Bf5 4. Nf3 e6 5. c4 c5 6. Nc3 a6 7. Qb3 Ra7 8. Ne5 Be7
9. Be2 h6 10. Rd1 Qa5 11. Nxf7 Kxf7 12. O-O g5 13. Be5 Nbd7 14. f4 gxf4 15. Rxf4
Rg8 16. cxd5 Qb4 17. Bc4 Qxb3 18. Bxb3 b5 19. dxe6+ Bxe6 20. Bxf6 Bxf6 21. d5 c4
22. dxe6+ Kxe6 23. Bc2 Rg5 24. Ne4 Rg6 25. Nc5+ Nxc5 26. Bxg6 Bxb2 27. Rdf1 c3 28.
Rf6+ Kd5 29. Rd1+ Ke5 30. Rf5+ Ke6 31. Rxc5 b4 32. Bc2 a5 33. Bb3+ Ke7 34. Rf1 Kd6
35. Rd5+ Ke7 36. Re5+ Kd6 37. Re6+ Kc7 38. Rf7+  1-0

[Event "British Chess Championships 2023: U10 Championship"]
[Site "De Montfort University, 20 Western Boulevard, Leicester, LE2 7BU"]
[Date "2023.07.27"]
[Round "4"]
[Board "11"]
[White "Parikh, Aadhya"]
[Black "Ba, Amy"]
[Result "0-1"]
[WhiteElo "794"]
[BlackElo "1403"]
[PlyCount "0"]
[EventDate "2023.07.25"]
[EventRounds "7"]
[EventCountry "ENG"]

1. e4 e6 2. Nf3 d5 3. d3 c5 4. Be2 Nc6 5. O-O Nge7 6. Bf4 Ng6 7. Bd2 Be7 8. exd5
exd5 9. Nc3 O-O 10. b3 Re8 11. Bc1 Bf6 12. Bb2 b5 13. Rb1 a6 14. Qd2 Bf5 15. Nd1
Bxb2 16. Rxb2 d4 17. Qe1 Qe7 18. c3 dxc3 19. Nxc3 Bg4 20. Nd5 Qd8 21. Ne3 Bxf3 22.
Bxf3 Rc8 23. Bxc6 Rxc6 24. Qd1 Nf4 25. Rd2 Rd6 26. Nf5 Qg5 27. Ng3 h5 28. Qf3 f5
29. Ne2 Nh3+ 30. Qxh3 Qxd2 31. Ng3 Qxd3 32. Qxh5 Rde6 33. Qd1 Qxd1 34. Rxd1 Re1+
35. Rxe1 Rxe1+ 36. Nf1 Ra1 37. h4 Rxa2 38. Ne3 g6 39. g4 fxg4 40. Nxg4 Rb2 41. Ne5
Kg7 42. Nd7 c4 43. bxc4 bxc4 44. Nc5 c3 45. Nd3 c2 46. Kf1 Rb1+ 47. Ke2 c1=Q 48.
Nxc1 Rxc1 49. Kd2 Rc8 50. Ke2 a5 51. f4 a4 52. Kf3 a3 53. Kg4 a2 54. f5 a1=Q 55.
fxg6 Rc4+ 56. Kg5 Qa5#  0-1

[Event "British Chess Championships 2023: U10 Championship"]
[Site "De Montfort University, 20 Western Boulevard, Leicester, LE2 7BU"]
[Date "2023.07.27"]
[Round "4"]
[Board "12"]
[White "Horwood, Alexander"]
[Black "Jha, Advay"]
[Result "1-0"]
[WhiteElo "1442"]
[BlackElo "1328"]
[PlyCount "0"]
[EventDate "2023.07.25"]
[EventRounds "7"]
[EventCountry "ENG"]

1. e4 e5 2. Nf3 Nc6 3. d4 d6 4. dxe5 dxe5 5. Qxd8+ Nxd8 6. Nxe5 Bd6 7. Nf3 Nc6 8.
Nc3 Bb4 9. Bd2 Nf6 10. Bd3 Be6 11. a3 Bxc3 12. Bxc3 O-O-O 13. Bxf6 gxf6 14. O-O-O
a6 15. Be2 Ne5 16. h3 Rhg8 17. Rxd8+ Rxd8 18. Rd1 Rxd1+ 19. Kxd1 Kd7 20. Nd4 Kd6
21. Nxe6 fxe6 22. f4 Ng6 23. g3 f5 24. e5+ Kc5 25. c3 c6 26. b3 b5 27. b4+ Kd5 28.
Bf3+ Kc4 29. Kc2 c5 30. Bb7 cxb4 31. axb4 Nf8 32. Bxa6 h6 33. Bb7 Nd7 34. Bc8 Nf8
35. g4 fxg4 36. hxg4 Kd5 37. Bb7+ Kc4 38. f5 exf5 39. gxf5 h5 40. e6 Nh7 41. e7 Nf6
42. Bc6 h4 43. e8=Q Nxe8 44. Bxe8 Kd5 45. Bh5 Ke5 46. Bg4 Kf6 47. c4 bxc4 48. b5
Kg5 49. Bh3 Kf4 50. f6 Kg3 51. f7 Kxh3 52. f8=Q Kg2 53. b6 h3 54. b7 h2 55. b8=Q
h1=Q 56. Qb7 Kh2 57. Qh6 Kg3 58. Qhxh1 Kf4 59. Qe1 Kf5 60. Qf7+ Kg5 61. Qg1+ Kh6
62. Qf6+ Kh7 63. Qgg7#  1-0

[Event "British Chess Championships 2023: U10 Championship"]
[Site "De Montfort University, 20 Western Boulevard, Leicester, LE2 7BU"]
[Date "2023.07.27"]
[Round "4"]
[Board "13"]
[White "Sewart, Daniel"]
[Black "Gopikrishna, Ashwin"]
[Result "1-0"]
[WhiteElo "1374"]
[BlackElo "881"]
[PlyCount "0"]
[EventDate "2023.07.25"]
[EventRounds "7"]
[EventCountry "ENG"]

1. e4 e6 2. b3 d5 3. Bb2 dxe4 4. Nc3 Nf6 5. Qe2 e5 6. O-O-O Nc6 7. Nxe4 Be6 8. Ng5
Qd6 9. Nxe6 Qxe6 10. d4 e4 11. g3 Bd6 12. f3 e3 13. Rd3 O-O 14. Qxe3 Nb4 15. Rc3
Nxa2+ 16. Kd2 Nxc3 17. Qxe6 fxe6 18. Bxc3 Nd5 19. Bc4 Rfe8 20. Bb2 Nb6 21. Bd3 e5
22. Ne2 exd4 23. Bxd4 Rad8 24. c3 Be7 25. Kc2 Rd7 26. Rd1 Red8 27. Nf4 c5 28. Bf2
c4 29. bxc4 Nxc4 30. Bxc4+ Kh8 31. Bd4 Rd6 32. Nh5 Bf8 33. f4 h6 34. f5 Rc8 35. Bb3
Kh7 36. h4 g6 37. Nf6+ Kg7 38. Ne4+  1-0

[Event "British Chess Championships 2023: U10 Championship"]
[Site "De Montfort University, 20 Western Boulevard, Leicester, LE2 7BU"]
[Date "2023.07.27"]
[Round "4"]
[Board "14"]
[White "Pitel, Dominik"]
[Black "Hu, Hector"]
[Result "1-0"]
[WhiteElo "1413"]
[BlackElo "1016"]
[PlyCount "0"]
[EventDate "2023.07.25"]
[EventRounds "7"]
[EventCountry "ENG"]

1. d4 d5 2. c4 c6 3. Nc3 h6 4. g3 Nf6 5. Bg2 Bf5 6. Qb3 b6 7. cxd5 cxd5 8. Nxd5 Nxd5
9. Qxd5 Bd7 10. Qxa8 e6 11. Bf4 Bb4+ 12. Kf1 O-O 13. Qxb8 Qxb8 14. Bxb8 Rxb8 15.
Bf3 Rc8 16. a3 Be7 17. Be4 Bf6 18. e3 Bb5+ 19. Kg2 Be7 20. Nh3 f5 21. Bf3 Rc2 22.
Rab1 Bd3 23. Rhc1 Rd2 24. Rd1 Rxd1 25. Rxd1 Bc2 26. Rc1 Bd3 27. Nf4 Bb5 28. Nxe6
Bd7 29. Rc7 Bxe6 30. Rxe7 Bf7 31. Rd7 Be6 32. Bd5 Bxd5+ 33. Rxd5 g6 34. Rb5 Kg7 35.
d5 Kf7 36. Kf3 Kf6 37. e4 Ke5 38. exf5 gxf5 39. Ke3 h5 40. f4+ Kd6 41. Kd4 Kc7 42.
Ke5 a6 43. Rb3 Kb7 44. Ke6 b5 45. d6 h4 46. d7 b4 47. d8=Q a5 48. Rd3 hxg3 49. Rd6
bxa3 50. Qb6+ Kc8 51. Rd8#  1-0

[Event "British Chess Championships 2023: U10 Championship"]
[Site "De Montfort University, 20 Western Boulevard, Leicester, LE2 7BU"]
[Date "2023.07.27"]
[Round "4"]
[Board "15"]
[White "Marsden, Oscar"]
[Black "Saxena, Reyansh"]
[Result "1/2-1/2"]
[WhiteElo "1307"]
[BlackElo "1001"]
[PlyCount "0"]
[EventDate "2023.07.25"]
[EventRounds "7"]
[EventCountry "ENG"]

1. d4 Nf6 2. Bf4 d5 3. Nf3 Nc6 4. e3 Nh5 5. Bg3 Bd7 6. c4 e6 7. Nc3 Bb4 8. Bd3 O-O
9. O-O f5 10. Qb3 Qe7 11. a3 dxc4 12. Qxc4 Bxc3 13. bxc3 b5 14. Qc5 Qd8 15. Bxb5
Nxd4 16. Nxd4 c6 17. Bc4 Kh8 18. Bxe6 f4 19. Bxd7 fxg3 20. Qxh5 gxh2+ 21. Qxh2 Qxd7
22. Rfd1 Rad8 23. Qh3 Qf7 24. f3 c5 25. Ne6 Rxd1+ 26. Rxd1 Re8 27. Rd8 Rxd8 28. Nxd8
Qe7 29. Nc6 Qxe3+ 30. Kh2 Qf4+ 31. Qg3 Qh6+ 32. Kg1 Qe3+ 33. Kf1 Qd3+ 34. Kg1 Qe3+
35. Qf2 Qc1+  1/2-1/2

[Event "British Chess Championships 2023: U10 Championship"]
[Site "De Montfort University, 20 Western Boulevard, Leicester, LE2 7BU"]
[Date "2023.07.27"]
[Round "4"]
[Board "16"]
[White "Ahmad, Layth"]
[Black "Sriram, Gautam"]
[Result "1/2-1/2"]
[WhiteElo "920"]
[BlackElo "1305"]
[PlyCount "0"]
[EventDate "2023.07.25"]
[EventRounds "7"]
[EventCountry "ENG"]

1. e4 d5 2. exd5 Qxd5 3. Nc3 Qa5 4. d4 c6 5. Bd2 Qc7 6. Bc4 Bf5 7. d5 Nf6 8. dxc6
Nxc6 9. Nge2 e5 10. f4 Bd6 11. Nb5 Qe7 12. Rf1 e4 13. Bc3 Rd8 14. Nbd4 Bc5 15. a3
Bxd4 16. Bxd4 Bg4 17. Bb5 Bxe2 18. Kxe2 O-O 19. c3 Nxd4+ 20. cxd4 Qc7 21. Rc1 Qb6
22. Qa4 Rxd4 23. Bc4 Rc8 24. Qb5 Qd6 25. Bxf7+ Kxf7  1/2-1/2

[Event "British Chess Championships 2023: U10 Championship"]
[Site "De Montfort University, 20 Western Boulevard, Leicester, LE2 7BU"]
[Date "2023.07.27"]
[Round "4"]
[Board "17"]
[White "Bedford, Rudi"]
[Black "Mittal, Rutva"]
[Result "1-0"]
[WhiteElo "1089"]
[BlackElo "623"]
[PlyCount "39"]
[EventDate "2023.07.25"]
[EventRounds "7"]
[EventCountry "ENG"]

1. e4 c5 2. Nf3 Nc6 3. d4 cxd4 4. Nxd4 g6 5. Nc3 Bg7 6. Be3 Nf6 7. Bc4 Qa5 8. O-O
O-O 9. Nb3 Qd8 10. f4 d6 11. Qd2 b6 12. Rad1 Ng4 13. h3 Nxe3 14. Qxe3 e5 15. Bd5
Bb7 16. Qf2 Qd7 17. f5 gxf5 18. exf5 Nb4 19. Qg3 Bxd5 20. f6  1-0

[Event "British Chess Championships 2023: U10 Championship"]
[Site "De Montfort University, 20 Western Boulevard, Leicester, LE2 7BU"]
[Date "2023.07.27"]
[Round "4"]
[Board "19"]
[White "Pugaciauskas, Dominic"]
[Black "Tang, Ayanna"]
[Result "1-0"]
[WhiteElo "1077"]
[BlackElo "575"]
[PlyCount "0"]
[EventDate "2023.07.25"]
[EventRounds "7"]
[EventCountry "ENG"]

1. e4 e5 2. Nc3 Nc6 3. Bc4 Bc5 4. Qg4 Qf6 5. Nd5 Bb6 6. Nxf6+ Nxf6 7. Qxg7 Rg8 8.
Bxf7+ Ke7 9. Bxg8+ Kd6 10. Qxf6+ Kc5 11. d3 Ba5+ 12. c3 d6 13. Be3+  1-0

[Event "British Chess Championships 2023: U10 Championship"]
[Site "De Montfort University, 20 Western Boulevard, Leicester, LE2 7BU"]
[Date "2023.07.27"]
[Round "4"]
[Board "20"]
[White "Rao, Saachi"]
[Black "Ragam, Aaryan"]
[Result "1-0"]
[WhiteElo "870"]
[BlackElo "1041"]
[PlyCount "0"]
[EventDate "2023.07.25"]
[EventRounds "7"]
[EventCountry "ENG"]

1. e4 c6 2. Nf3 d5 3. d3 dxe4 4. dxe4 Qxd1+ 5. Kxd1 Nf6 6. e5 Ne4 7. Ke1 Bg4 8. Nd4
Nc5 9. g3 e6 10. Be2 Bxe2 11. Nxe2 Nbd7 12. Bf4 Be7 13. Kf1 f6 14. b4 Na6 15. exf6
Nxf6 16. a3 O-O-O 17. Kg2 Nd5 18. Be5 Bf6 19. Bxf6 Nxf6 20. Nbc3 Rd2 21. b5 Nb8 22.
a4 Rxc2 23. a5 Rd8 24. Rhc1 Rdd2 25. Rxc2 Rxc2 26. bxc6 Nxc6 27. a6 b6 28. Ra4 Kc7
29. Rc4 Rb2 30. Nd4 Ng4 31. Rxc6+ Kd7 32. Kh3 Nxf2+ 33. Kh4 Rd2 34. Ncb5 Ne4 35.
Rc7+ Ke8 36. Rxa7 g5+ 37. Kg4 Nf6+ 38. Kxg5 Ne4+ 39. Kh6 Rxh2+ 40. Kg7 Rf2 41. Ra8+
Kd7 42. Rf8 Rxf8 43. Kxf8 Kc8 44. a7 Kb7 45. Nc6 Nc5 46. g4 Nd3 47. Ncd4 e5 48. Ne6
e4 49. Nec7 Kc6 50. a8=Q+ Kc5 51. Qxe4 Nf2 52. Qd5+ Kb4 53. Qd4+ Kb3 54. Qxf2 Kb4
55. g5 Ka5 56. Qd2+ Ka4 57. Qc2+ Kb4 58. Nd5+ Kxb5 59. Qxh7 Kc5 60. g6 Kxd5 61. g7
Kd4 62. g8=R b5 63. Qh5 Kc4 64. Rg4+ Kc3 65. Qh3+ Kc2 66. Rg2+  1-0

[Event "British Chess Championships 2023: U10 Championship"]
[Site "De Montfort University, 20 Western Boulevard, Leicester, LE2 7BU"]
[Date "2023.07.27"]
[Round "4"]
[Board "21"]
[White "Sarwar, Adam"]
[Black "Edwards, Laurence"]
[Result "0-1"]
[WhiteElo "854"]
[BlackElo "1263"]
[PlyCount "0"]
[EventDate "2023.07.25"]
[EventRounds "7"]
[EventCountry "ENG"]

1. e4 d5 2. exd5 Nf6 3. Nc3 Nxd5 4. Nxd5 Qxd5 5. d4 b5 6. Be2 Qxg2 7. Bf3 Qg6 8.
Bxa8 c6 9. Nf3 Bg4 10. Bf4 Qe4+ 11. Qe2 Qxf4 12. Qe5 Qxf3 13. Qxb8+ Kd7 14. Qxa7+
Ke6 15. d5+ Kf5 16. Kd2 Qxd5+ 17. Kc3 e6 18. Qd4 b4+ 19. Qxb4 Bxb4+ 20. Kxb4 Rxa8
 0-1

[Event "British Chess Championships 2023: U10 Championship"]
[Site "De Montfort University, 20 Western Boulevard, Leicester, LE2 7BU"]
[Date "2023.07.27"]
[Round "4"]
[Board "22"]
[White "Patel, Parisa"]
[Black "Mehta, Zara"]
[Result "1-0"]
[WhiteElo "873"]
[BlackElo "990"]
[PlyCount "0"]
[EventDate "2023.07.25"]
[EventRounds "7"]
[EventCountry "ENG"]

1. e4 e5 2. Nf3 Nc6 3. Bc4 h6 4. d3 Nf6 5. O-O Bc5 6. Be3 Bxe3 7. fxe3 O-O 8. Nc3
d6 9. h3 Re8 10. d4 Be6 11. d5 Bxd5 12. exd5 Na5 13. Bb3 e4 14. Nd2 Re5 15. Nc4 Nxc4
16. Bxc4 Qd7 17. a4 Rg5 18. Kh1 Nh5 19. Nxe4 Re5 20. Be2 Rxe4 21. Bxh5 Rf8 22. Qf3
Qe7 23. Ra3 g6 24. Bxg6 fxg6 25. Qxf8+ Qxf8 26. Rxf8+ Kxf8 27. g4 h5 28. gxh5 gxh5
29. Kh2 Re5 30. Rc3 c5 31. dxc6 bxc6 32. Rxc6 Rxe3 33. Rxd6 Re2+ 34. Kg3 Rxc2 35.
Rd8+ Ke7 36. Ra8 Rxb2 37. Rxa7+ Kd8 38. Kh4 Rh2 39. a5 Rb2 40. Kxh5 Rb5+ 41. Kg4
Rb4+ 42. Kg3 Rb3+ 43. Kg4 Rb4+ 44. Kh5 Rb5+ 45. Kg6 Rc5 46. Ra6 Rc3 47. h4 Rg3+ 48.
Kh6 Rg8 49. Ra8+  1-0